000 00503nam a22001577a 4500
999 _c329476
_d329476
003 Nust
005 20170509121636.0
008 170303b xxu||||| |||| 00| 0 eng d
020 _a9690018930
040 _cDLC
082 _a297
_b ZAN
245 _aVision for Seekers of the Truth/
_cSyed Muhammad Zauqi
260 _aLahore :
_bFerozsons,
_c 2005
300 _a226p. :
_c25 cm
650 _aIslam
_9174
942 _2ddc
_cBK